|
|
|
|
| LEADER |
00000cam a2200000 a 4500 |
| 001 |
vtls010426939 |
| 003 |
SK-MaSNL |
| 005 |
20260301173838.0 |
| 008 |
181130s2011 xo oa g 001 0dslo |
| 020 |
|
|
|a 9788055604435
|q (brož.)
|
| 035 |
|
|
|a urn:nbn:sk:snk-am00bawv
|
| 035 |
|
|
|a urn:nbn:sk:snk-am3h7yh
|
| 035 |
|
|
|a 766B0176-0917-4A7A-98B1-144B1B88E986
|
| 040 |
|
|
|a SNK
|b slo
|c SNK
|e AACR2
|
| 041 |
0 |
|
|a slo
|
| 044 |
|
|
|a xo
|c SK
|
| 072 |
|
7 |
|a 72/76
|x Výtvarné umenie
|2 konspekt
|
| 080 |
|
|
|a 72/76(437.6)
|2 2001
|
| 080 |
|
|
|a 76.071.1
|2 2001
|
| 080 |
|
|
|a (437.6)
|2 2011
|
| 080 |
|
|
|a (721/727)
|2 2011
|
| 080 |
|
|
|a (036)
|2 2011
|
| 100 |
1 |
|
|a Macurová, Katarína,
|d 1983-
|4 aut
|4 pht
|9 135171
|
| 245 |
1 |
0 |
|a Koloman Sokol v Mexiku
|c Katarína Macurová [text a fotografie]
|
| 250 |
|
|
|a 1. slov. vyd.
|
| 260 |
|
|
|a Bratislava
|b Slovart
|b Vysoká škola výtvarných umení
|c 2011
|
| 300 |
|
|
|a 99 s.
|b fotogr., ilustr.
|c 24 cm
|
| 600 |
1 |
7 |
|a Sokol, Koloman,
|d 1902-2003
|2 SNKMA
|9 37175
|
| 650 |
0 |
7 |
|a slovenské výtvarné umenie
|2 SNKPH
|9 68597
|
| 650 |
0 |
7 |
|a grafici
|2 SNKPH
|9 87837
|
| 650 |
0 |
7 |
|a Slovak art
|2 SNKPHeng
|9 275442
|
| 650 |
0 |
7 |
|a printmakers
|2 SNKPHeng
|9 306704
|
| 651 |
|
7 |
|a Mexiko
|2 SNKPH
|9 21360
|
| 651 |
|
7 |
|a Mexiko
|2 SNKPHeng
|9 21360
|
| 655 |
|
7 |
|a informačné publikácie
|2 SNKPH
|9 70181
|
| 655 |
|
7 |
|a Information publications
|2 SNKPHeng
|9 265188
|
| 852 |
|
|
|a Akadémia umení v Banskej Bystrici
|
| 919 |
|
|
|a 978-80-556-0443-5
|
| 999 |
|
|
|c 837885
|d 839815
|
| 952 |
|
|
|a SNK
|b SNK
|y PREZ
|7 0
|p 17A1124595
|o snkSC 158288
|i snk2016/3691
|8 3
|g 9.80
|0 0
|1 0
|4 0
|d 2016-02-11
|f 1
|l 0
|r 2025-08-20 00:00:00
|w 2026-02-24
|
| 952 |
|
|
|a SNK
|b SNK
|y VYP
|7 0
|p 17A1124596
|o snkSC 158288 D1
|i snk2016/3692
|8 3
|g 9.80
|0 0
|1 0
|4 0
|d 2016-02-11
|l 0
|r 2026-02-24 04:00:03
|w 2026-02-24
|
| 952 |
|
|
|a SNKLM
|b SNKLM
|y NEVYP
|7 0
|p 17A1105159
|o snkSC 158288 D2
|i snk2014/5315
|8 3
|g 11.35
|3 Vrátené z príručnej knižnice
|0 0
|1 0
|4 0
|d 2014-02-21
|l 0
|r 2026-02-24 04:00:03
|w 2026-02-24
|